ბათუმის შოთა რუსთაველის სახელმწიფო უნივერსიტეტის ბიბლიოთეკა

SOCIAL PEDAGOGY Heart and Head. (ბიბ.ჩანაწერი № 44298)

000 -LEADER
fixed length control field 00810nam a2200265Ia 4500
001 - CONTROL NUMBER
control field 11056
003 - CONTROL NUMBER IDENTIFIER
control field GE_BSU
008 - FIXED-LENGTH DATA ELEMENTS--GENERAL INFORMATION
fixed length control field 181216s||||||||xx |||||||||||||| ||und||
020 ## - INTERNATIONAL STANDARD BOOK NUMBER
International Standard Book Number 9783867418300
040 ## - CATALOGING SOURCE
Transcribing agency GE_BSU
080 ## - UNIVERSAL DECIMAL CLASSIFICATION NUMBER
Universal Decimal Classification number 37.013
100 ## - MAIN ENTRY--PERSONAL NAME
Personal name Stephens,Paul.
245 ## - TITLE STATEMENT
Title SOCIAL PEDAGOGY Heart and Head.
245 ## - TITLE STATEMENT
Remainder of title Studies in Comparative Social Pedagogies and International Social Work and Social Policy, vol.XXIV
245 ## - TITLE STATEMENT
Statement of responsibility, etc. Editor of the series Peter Herrman.
260 ## - PUBLICATION, DISTRIBUTION, ETC.
Place of publication, distribution, etc. USA.
260 ## - PUBLICATION, DISTRIBUTION, ETC.
Name of publisher, distributor, etc. EHV.
260 ## - PUBLICATION, DISTRIBUTION, ETC.
Date of publication, distribution, etc. 2013.
300 ## - PHYSICAL DESCRIPTION
Extent 157p;22cm.
520 ## - SUMMARY, ETC.
Summary, etc. შემოსულია ტემპუსის პროექტით.
653 ## - INDEX TERM--UNCONTROLLED
Uncontrolled term SOCIAL PEDAGOGY Heart and Head.
653 ## - INDEX TERM--UNCONTROLLED
Uncontrolled term ტემპუსის პროექტით
942 ## - ADDED ENTRY ELEMENTS (KOHA)
Koha item type წიგნი
ეგზემპლარები
Withdrawn status Lost status Damaged status Not for loan Date acquired Barcode Date last seen Price effective from Koha item type
        2018-12-17 35427 2018-12-17 2018-12-17 წიგნი